• 首页
  • 本馆介绍
  • 公告通知
  • 最新文献
  • 馆藏检索
  • 电子资源
  • 读者导购
  • 参考咨询
  • 我的图书馆
  • 登录
  • 详细信息显示
  • 放入我的书架
  • 预约/预借图书
  • 作者相关作品
  • 分类相关作品
  • 丛书相关作品
  • 出版社相关作品

书目信息

  • 表格格式
  • 工作单格式
  • 卡片格式
题名:
铁路中专教育铁道工程(大型养路机械)专业教学指导方案
    
 
作者: ;铁道部 编
分册:  
出版信息: 北京   中国铁道出版社  2009
页数: 92页
开本: 26cm
丛书名:
单 册:
中图分类: U216.6 , U216
科图分类:
主题词: 铁路养护--养路机械--中等专业教育--教学参考资料 , 铁路养护 , 养路机械
电子资源:
ISBN: 978-7-113-10218-0
000 01073nam0 2200253 450
001 2355115719
005 20231224151913.05
010    @a978-7-113-10218-0@d12.80CNY
100    @a20091109d2009 em y0chiy0120 ea
101 0  @achi
102    @aCN@b110000
105    @ay z 000yy
200 1  @a铁路中专教育铁道工程(大型养路机械)专业教学指导方案@Atie lu zhong zhuan jiao yu tie dao gong cheng ( da xing yang lu ji xie ) zhuan ye jiao xue zhi dao fang an@b专著@f铁道部劳动和卫生司[编]
210    @a北京@c中国铁道出版社@d2009
215    @a92页@d26cm
330    @a本书为铁路中专教育铁道工程(大型养路机械)专业教学指导方案。内容包括:铁道工程(大型养路机械)专业教学计划、铁道工程(大型养路机械)专业课程教学大纲、铁道工程(大型养路机械)专业技能实训设备配置标准参照表、铁道工程(大型养路机械)专业课程教学用书汇总表。
606 0  @a铁路养护@x养路机械@x中等专业教育@j教学参考资料
606 0  @a铁路养护
606 0  @a养路机械
690    @aU216.6@v5
690    @aU216@v4
711 0  @a铁道部@Atie dao bu@b劳动和卫生司@4编
801  2 @aCN@b辽宁北配@c20231205
905    @aBZT@dU216@e2
    
    铁路中专教育铁道工程(大型养路机械)专业教学指导方案/铁道部劳动和卫生司[编].-北京:中国铁道出版社,2009
    92页;26cm
    
    
    ISBN 978-7-113-10218-0:12.80CNY
    本书为铁路中专教育铁道工程(大型养路机械)专业教学指导方案。内容包括:铁道工程(大型养路机械)专业教学计划、铁道工程(大型养路机械)专业课程教学大纲、铁道工程(大型养路机械)专业技能实训设备配置标准参照表、铁道工程(大型养路机械)专业课程教学用书汇总表。
●
相关链接 在五车中查询图书 在当当中查询图书 在豆瓣中查询图书


正题名:铁路中专教育铁道工程(大型养路机械)专业教学指导方案     索取号:U216/2         预约/预借

序号 登录号 条形码 馆藏地/架位号 状态 备注
1 2001701976   2001701976   辽三/辽宁北配(第三批)/3962/ [索取号:U216/2] 在馆    
2 2001701977   2001701977   辽三/辽宁北配(第三批)/3962/ [索取号:U216/2] 在馆    
3 2001701978   2001701978   辽三/辽宁北配(第三批)/3962/ [索取号:U216/2] 在馆    
4 2001701979   2001701979   辽三/辽宁北配(第三批)/3962/ [索取号:U216/2] 在馆    
5 2001701980   2001701980   辽三/辽宁北配(第三批)/3962/ [索取号:U216/2] 在馆    
6 2001701981   2001701981   辽三/辽宁北配(第三批)/3962/ [索取号:U216/2] 在馆    
7 2001701982   2001701982   辽三/辽宁北配(第三批)/3962/ [索取号:U216/2] 在馆    
8 2001701983   2001701983   辽三/辽宁北配(第三批)/3962/ [索取号:U216/2] 在馆    
9 2001701984   2001701984   辽三/辽宁北配(第三批)/3962/ [索取号:U216/2] 在馆    
10 2001701985   2001701985   辽三/辽宁北配(第三批)/3962/ [索取号:U216/2] 在馆    
11 2001701986   2001701986   辽三/辽宁北配(第三批)/3962/ [索取号:U216/2] 在馆    
12 2001701987   2001701987   辽三/辽宁北配(第三批)/3962/ [索取号:U216/2] 在馆    
13 2001701988   2001701988   辽三/辽宁北配(第三批)/3962/ [索取号:U216/2] 在馆    
14 2001701989   2001701989   辽三/辽宁北配(第三批)/3962/ [索取号:U216/2] 在馆    
15 2001701990   2001701990   辽三/辽宁北配(第三批)/3962/ [索取号:U216/2] 在馆    
16 2001701991   2001701991   辽三/辽宁北配(第三批)/3962/ [索取号:U216/2] 在馆    
17 2001701992   2001701992   辽三/辽宁北配(第三批)/3962/ [索取号:U216/2] 在馆    
18 2001701993   2001701993   辽三/辽宁北配(第三批)/3962/ [索取号:U216/2] 在馆    
山东省滨州职业学院图书馆 欢迎您!
大连网信软件有限公司© 版权所有